000 00618nam a2200229Ia 4500
003 OSt
005 20220928104922.0
006 a|||||r|||| 00| 0
007 ta
008 220927b |||||||| |||| 00| 0 eng d
024 _a62730
037 _cTextual
040 _aSDCL
_cSDCL
_beng
041 _2eng
_aeng
082 _aV2y7M69, M4
100 _aSharma Virendra
_9412893
245 0 _aBharat ke punranirman mein Ghandi Gi ka yogdan
260 _aNew Delhi
_bPublishing House
_c1984
300 _a318p
_ccm.
942 _hV2y7M69, M4
_cTEXL
_2CC
999 _c728641
_d728641